[Event "Berlin-ch MT"]
[Site "Berlin"]
[Date "2018.04.05"]
[Round "6"]
[White "Gebigke, Martin"]
[Black "Knopf, Roland"]
[Result "1-0"]
[WhiteElo "2132"]
[BlackElo "1877"]
[PlyCount "67"]
[EventDate "2018.03.31"]
[EventType "swiss"]
[EventRounds "9"]
[EventCountry "GER"]
[SourceTitle "EXT 2020"]
[Source "ChessBase"]
[SourceDate "2019.10.17"]
[SourceVersion "1"]
[SourceVersionDate "2019.10.17"]
[SourceQuality "1"]

1. d4 d5 2. c4 Nc6 3. Nf3 e6 4. Nc3 Nf6 5. e3 Bb4 6. a3 Bxc3+ 7. bxc3 0-0 8. cxd5 exd5 9. Bd3 Bg4 10. 0-0 Ne4 11. Qc2 f5 12. Ne1 Nd6 13. Qb3 Ne7 14. f3 Bh5 15. e4 fxe4 16. fxe4 Rxf1+ 17. Kxf1 Qf8+ 18. Kg1 Bf7 19. e5 Ne4 20. Nf3 c5 21. Qc2 cxd4 22. cxd4 Rc8 23. Qb1 Bh5 24. Bxe4 dxe4 25. Qxe4 Bg6 26. Qxb7 Rb8 27. Qxa7 Be4 28. Ng5 Nc6 29. Qd7 Nxd4 30. Qxd4 Rd8 31. Qc4+ Bd5 32. Qc2 g6 33. Qc7 Bxg2 34. Qxh7# 1-0

[Event "Berlin-ch MT"]
[Site "Berlin"]
[Date "2018.04.03"]
[Round "4"]
[White "Lachmann, Utz"]
[Black "Knopf, Roland"]
[Result "1-0"]
[WhiteElo "2179"]
[BlackElo "1877"]
[PlyCount "129"]
[EventDate "2018.03.31"]
[EventType "swiss"]
[EventRounds "9"]
[EventCountry "GER"]
[SourceTitle "EXT 2020"]
[Source "ChessBase"]
[SourceDate "2019.10.17"]
[SourceVersion "1"]
[SourceVersionDate "2019.10.17"]
[SourceQuality "1"]

1. e4 c6 2. d4 d5 3. e5 Nh6 4. Nc3 g6 5. f4 Bg4 6. Nf3 e6 7. h3 Bxf3 8. Qxf3 Nf5 9. Be3 Qb6 10. 0-0-0 h5 11. Bd3 Bb4 12. Ne2 Nxe3 13. Qxe3 Nd7 14. g4 0-0-0 15. f5 gxf5 16. gxf5 c5 17. c3 cxd4 18. Nxd4 Bc5 19. Qf4 Bxd4 20. cxd4 Kb8 21. Kb1 Rhg8 22. Rhg1 a5 23. Be2 a4 24. Rxg8 Rxg8 25. fxe6 fxe6 26. Qf7 Rg2 27. Qxd7 Rxe2 28. Qe8+ Ka7 29. Qxa4+ Kb8 30. Qa3 Qc7 31. Rc1 Qh7+ 32. Ka1 Rc2 33. Qd6+ Ka8 34. Rf1 Qf7 35. Qf8+ Qxf8 36. Rxf8+ Ka7 37. Kb1 Rd2 38. Rf4 Kb6 39. Kc1 Rh2 40. Rf6 Rxh3 41. Rxe6+ Kb5 42. b3 Rd3 43. Rh6 Rxd4 44. Rxh5 Kc5 45. Rh7 b5 46. Rc7+ Kb6 47. Re7 Re4 48. Kd2 Kc5 49. Kd3 Rd4+ 50. Ke3 Re4+ 51. Kf3 b4 52. Re8 Kd4 53. e6 Kd3 54. e7 Re3+ 55. Kf4 d4 56. Kf5 Kd2 57. Kf6 d3 58. Rd8 Kc2 59. Rc8+ Kd1 60. e8Q Rxe8 61. Rxe8 d2 62. Rd8 Kc2 63. Ke5 d1Q 64. Rxd1 Kxd1 65. Kd4 1-0

[Event "Berlin Lichtenberger op 11th"]
[Site "Berlin"]
[Date "2012.08.23"]
[Round "6"]
[White "Poseck, Steffen"]
[Black "Knopf, Roland"]
[Result "1-0"]
[WhiteElo "2076"]
[BlackElo "1886"]
[PlyCount "41"]
[EventDate "2012.08.18"]
[EventType "swiss"]
[EventRounds "9"]
[EventCountry "GER"]
[SourceTitle "CBM 150 Extra"]
[Source "ChessBase"]
[SourceDate "2012.10.19"]
[SourceVersion "1"]
[SourceVersionDate "2012.10.19"]
[SourceQuality "1"]

1. c4 e5 2. Nc3 Nf6 3. g3 d5 4. cxd5 Nxd5 5. Bg2 c6 6. Nxd5 cxd5 7. d4 e4 8. e3 Nc6 9. f3 Bf5 10. a3 Be7 11. Ne2 Rc8 12. Nc3 exf3 13. Qxf3 Be6 14. 0-0 Na5 15. Nxd5 Nb3 16. Nxe7 Qxe7 17. Rb1 0-0 18. d5 Bd7 19. e4 Nd4 20. Qf2 Rc4 21. b3 1-0

[Event "Berlin Lichtenberger op 11th"]
[Site "Berlin"]
[Date "2012.08.22"]
[Round "5"]
[White "Knopf, Roland"]
[Black "Tahiri, Daut"]
[Result "1/2-1/2"]
[WhiteElo "1886"]
[BlackElo "2114"]
[PlyCount "127"]
[EventDate "2012.08.18"]
[EventType "swiss"]
[EventRounds "9"]
[EventCountry "GER"]
[SourceTitle "CBM 150 Extra"]
[Source "ChessBase"]
[SourceDate "2012.10.19"]
[SourceVersion "1"]
[SourceVersionDate "2012.10.19"]
[SourceQuality "1"]

1. d4 e6 2. c4 Nf6 3. Nc3 Bb4 4. Bd2 b6 5. Nf3 Bb7 6. e3 0-0 7. Bd3 d6 8. 0-0 Bxc3 9. Bxc3 Ne4 10. Bxe4 Bxe4 11. Nd2 Bb7 12. e4 Nd7 13. d5 e5 14. f4 exf4 15. Rxf4 Ne5 16. Qe2 Qe7 17. Raf1 Ng6 18. Qg4 Bc8 19. Qg3 f6 20. R4f2 Bd7 21. h4 Ne5 22. b3 a6 23. h5 Kh8 24. a3 c5 25. Qh4 h6 26. Nf3 Ng4 27. Re2 b5 28. e5 dxe5 29. Nxe5 Nxe5 30. Rxe5 Qd6 31. Re3 Rae8 32. Rfe1 Rxe3 33. Rxe3 Re8 34. Qe1 Qf8 35. cxb5 Rxe3 36. Qxe3 axb5 37. b4 c4 38. Qc5 Qe8 39. Qd6 Qe3+ 40. Kh2 Qxc3 41. Qxd7 Qe5+ 42. Kg1 c3 43. d6 Kh7 44. Qc6 Qd4+ 45. Kh2 Qe5+ 46. Kg1 Qxh5 47. Qxc3 Qd1+ 48. Kf2 Qxd6 49. Qc5 Qf4+ 50. Ke2 Qe4+ 51. Kd2 Qxg2+ 52. Kc3 Qf3+ 53. Kb2 Qf1 54. Qc2+ f5 55. a4 bxa4 56. Qxa4 Qf2+ 57. Qc2 Qd4+ 58. Kb3 Qe3+ 59. Qc3 Qe6+ 60. Qc4 Qe3+ 61. Qc3 Qe4 62. Qc2 Qd5+ 63. Qc4 Qd1+ 64. Qc2 1/2-1/2

[Event "Berlin Lichtenberger op 11th"]
[Site "Berlin"]
[Date "2012.08.20"]
[Round "3"]
[White "Knopf, Roland"]
[Black "Heuser, Philip"]
[Result "0-1"]
[WhiteElo "1886"]
[BlackElo "2147"]
[PlyCount "54"]
[EventDate "2012.08.18"]
[EventType "swiss"]
[EventRounds "9"]
[EventCountry "GER"]
[SourceTitle "CBM 150 Extra"]
[Source "ChessBase"]
[SourceDate "2012.10.19"]
[SourceVersion "1"]
[SourceVersionDate "2012.10.19"]
[SourceQuality "1"]

1. b3 e5 2. Bb2 Nc6 3. Nf3 d6 4. d4 g6 5. e3 Bg7 6. dxe5 Nge7 7. Bb5 0-0 8. Nc3 Nxe5 9. Nxe5 Bxe5 10. Na4 Bf5 11. Bxe5 dxe5 12. Bd3 Bxd3 13. Qxd3 Qxd3 14. cxd3 Rfd8 15. Ke2 b6 16. Rac1 c5 17. Nb2 Nd5 18. a3 Rd7 19. g3 Rad8 20. e4 Nc7 21. b4 cxb4 22. axb4 Na6 23. b5 Nc7 24. Nc4 Rxd3 25. Nxe5 Rd2+ 26. Kf3 Nxb5 27. Nc6 Nd4+ 0-1

[Event "Berlin Lichtenrade op 04th"]
[Site "Berlin"]
[Date "2008.10.19"]
[Round "2"]
[White "Llopis de Aysa, Manuel"]
[Black "Knopf, Roland"]
[Result "1/2-1/2"]
[WhiteElo "2173"]
[BlackElo "1940"]
[PlyCount "82"]
[EventDate "2008.10.18"]
[EventType "swiss"]
[EventRounds "9"]
[EventCountry "GER"]
[SourceTitle "CBM 126 Extra"]
[Source "ChessBase"]
[SourceDate "2008.11.05"]
[SourceVersion "1"]
[SourceVersionDate "2008.11.05"]
[SourceQuality "1"]

1. d4 Nf6 2. Bg5 d5 3. e3 Nbd7 4. Nf3 e6 5. Nbd2 Be7 6. Bd3 0-0 7. c3 c5 8. Ne5 Nxe5 9. dxe5 Ne8 10. Bf4 g6 11. h4 d4 12. exd4 cxd4 13. c4 Bd7 14. h5 g5 15. Bg3 Bc6 16. Qe2 a5 17. 0-0-0 a4 18. Kb1 Qa5 19. Ne4 Nc7 20. f4 b5 21. fxg5 bxc4 22. Nf6+ Bxf6 23. gxf6 Kh8 24. Bxc4 Nb5 25. Bxb5 Bxb5 26. Qd2 d3 27. Qxa5 Rxa5 28. Bf4 Bc4 29. g3 Rb8 30. Rh2 Rab5 31. Rc1 Rc5 32. Rc3 Rbc8 33. Rc1 Bd5 34. Rxc5 Rxc5 35. Be3 Rc6 36. Bd4 Be4 37. Rd2 Kg8 38. b4 Rc2 39. Rxc2 dxc2+ 40. Kc1 Kf8 41. b5 Ke8 1/2-1/2

[Event "Berlin Lichtenberger op 7th"]
[Site "Berlin"]
[Date "2008.08.19"]
[Round "4"]
[White "Knopf, Roland"]
[Black "Wasem, Ralph"]
[Result "0-1"]
[WhiteElo "1949"]
[BlackElo "2100"]
[PlyCount "56"]
[EventDate "2008.08.16"]
[EventType "swiss"]
[EventRounds "9"]
[EventCountry "GER"]
[SourceTitle "CBM 126 Extra"]
[Source "ChessBase"]
[SourceDate "2008.11.05"]
[SourceVersion "1"]
[SourceVersionDate "2008.11.05"]
[SourceQuality "1"]

1. d4 d5 2. Nf3 g6 3. e3 Bg7 4. c4 c6 5. Nc3 Nf6 6. Bd3 Bg4 7. h3 Bxf3 8. Qxf3 0-0 9. 0-0 Nbd7 10. cxd5 cxd5 11. Nxd5 e5 12. Nxf6+ Bxf6 13. Qxb7 exd4 14. exd4 Bxd4 15. Qd5 Nc5 16. Qxd8 Rfxd8 17. Bc4 Na4 18. Bg5 Rdc8 19. Bd5 Rab8 20. Bb3 Nc5 21. Bf4 Nxb3 22. axb3 Rxb3 23. Rfd1 Rc4 24. Rd2 f6 25. Ra3 Rxb2 26. Rxb2 Bxb2 27. Rf3 a5 28. Bh6 a4 0-1

[Event "Berlin Unicorn op"]
[Site "Berlin"]
[Date "2008.05.03"]
[Round "5"]
[White "Kantans, Toms"]
[Black "Knopf, Roland"]
[Result "1/2-1/2"]
[WhiteElo "2144"]
[BlackElo "1941"]
[PlyCount "72"]
[EventDate "2008.04.30"]
[EventType "swiss"]
[EventRounds "7"]
[EventCountry "GER"]
[SourceTitle "CBM 124 Extra"]
[Source "ChessBase"]
[SourceDate "2008.07.03"]
[SourceVersion "1"]
[SourceVersionDate "2008.07.03"]
[SourceQuality "1"]

1. Nf3 Nf6 2. c4 g6 3. g3 Bg7 4. Bg2 0-0 5. 0-0 d6 6. d4 Nc6 7. Nc3 a6 8. e4 e5 9. dxe5 dxe5 10. Be3 Be6 11. Qa4 Qd3 12. c5 Qc4 13. Qc2 Ng4 14. Qc1 Nxe3 15. Qxe3 Nd4 16. Rac1 Qxc5 17. Nd5 Nxf3+ 18. Qxf3 Qd6 19. Nxc7 Rac8 20. Rfd1 Qb6 21. Nxe6 Qxe6 22. b3 Bh6 23. Rxc8 Rxc8 24. Bf1 b5 25. Rd5 Bg5 26. Kg2 Rc2 27. a4 bxa4 28. Bc4 Qf6 29. Qxf6 Bxf6 30. Ra5 axb3 31. Bxb3 Rc6 32. Bd5 Bd8 33. Ra3 Rd6 34. Rb3 Rd7 35. Bc6 Rc7 36. Bd5 Rd7 1/2-1/2

[Event "Berlin Unicorn op"]
[Site "Berlin"]
[Date "2008.05.01"]
[Round "3"]
[White "Daeweritz, Klaus"]
[Black "Knopf, Roland"]
[Result "0-1"]
[WhiteElo "1832"]
[BlackElo "1941"]
[PlyCount "106"]
[EventDate "2008.04.30"]
[EventType "swiss"]
[EventRounds "7"]
[EventCountry "GER"]
[SourceTitle "CBM 124 Extra"]
[Source "ChessBase"]
[SourceDate "2008.07.03"]
[SourceVersion "1"]
[SourceVersionDate "2008.07.03"]
[SourceQuality "1"]

1. e4 g6 2. d4 d6 3. Nf3 Bg7 4. Bd3 Nf6 5. Be3 0-0 6. 0-0 Ng4 7. h3 Nxe3 8. fxe3 c5 9. c3 Nc6 10. Nbd2 a6 11. Qe2 b5 12. Rad1 e5 13. d5 Ne7 14. Nh2 f5 15. exf5 gxf5 16. e4 Ng6 17. exf5 Nf4 18. Rxf4 exf4 19. Qh5 Ra7 20. Ng4 Raf7 21. f6 Bxf6 22. Nh6+ Kg7 23. Nxf7 Rxf7 24. Qxh7+ Kf8 25. Qh6+ Bg7 26. Qh5 c4 27. Bg6 Qb6+ 28. Kh1 Re7 29. Qf3 Qe3 30. Qf1 Qg3 31. Be4 Re5 32. Bf3 Bf5 33. a4 Bc2 34. Ra1 Bd3 35. Qg1 Re3 36. axb5 axb5 37. Nf1 Bxf1 38. Qxf1 Bf6 39. Qb1 Re7 40. Bg4 Kg7 41. Be6 f3 42. Qf1 f2 43. Qe2 Be5 44. Qg4+ Qxg4 45. Bxg4 Bg3 46. Be6 Kf6 47. Rd1 Ra7 48. Rf1 Ra2 49. Bd7 Rxb2 50. Be8 b4 51. cxb4 Rxb4 52. Ra1 c3 53. Ba4 Rxa4 0-1

[Event "Berlin Unicorn op"]
[Site "Berlin"]
[Date "2008.05.01"]
[Round "2"]
[White "Knopf, Roland"]
[Black "Niehaus, Frank"]
[Result "0-1"]
[WhiteElo "1941"]
[BlackElo "2206"]
[PlyCount "44"]
[EventDate "2008.04.30"]
[EventType "swiss"]
[EventRounds "7"]
[EventCountry "GER"]
[SourceTitle "CBM 124 Extra"]
[Source "ChessBase"]
[SourceDate "2008.07.03"]
[SourceVersion "1"]
[SourceVersionDate "2008.07.03"]
[SourceQuality "1"]

1. d4 Nf6 2. Bg5 g6 3. Nd2 Bg7 4. e4 0-0 5. Ngf3 d5 6. e5 Ne4 7. Be3 c5 8. Nxe4 dxe4 9. Ng5 cxd4 10. Qxd4 Qa5+ 11. c3 Bxe5 12. Qc5 Qxc5 13. Bxc5 b6 14. Bxe7 Re8 15. Ba3 Bf6 16. Bc4 Bxg5 17. Bd5 e3 18. Bxa8 e2 19. h4 Bh6 20. Bd6 Ba6 21. g4 Rd8 22. Be7 Bd2# 0-1

[Event "Berlin Eckbauer op 10th"]
[Site "Berlin"]
[Date "2007.10.02"]
[Round "3"]
[White "Gebigke, Martin"]
[Black "Knopf, Roland"]
[Result "1-0"]
[WhiteElo "2181"]
[BlackElo "1950"]
[PlyCount "45"]
[EventDate "2007.08.18"]
[EventType "swiss"]
[EventRounds "7"]
[EventCountry "GER"]
[SourceTitle "EXT 2022"]
[Source "ChessBase"]
[SourceDate "2021.10.06"]
[SourceVersion "1"]
[SourceVersionDate "2021.10.06"]
[SourceQuality "1"]

1. e4 g6 2. d4 Bg7 3. Nc3 d6 4. Be3 a6 5. Nf3 Nf6 6. h3 0-0 7. a4 b6 8. Bd3 Bb7 9. 0-0 Nbd7 10. Qc1 b5 11. axb5 axb5 12. Rxa8 Bxa8 13. Nd2 b4 14. Ne2 c5 15. d5 Ne5 16. f4 Nxd3 17. cxd3 Bb7 18. Ng3 Nd7 19. Nc4 Nb6 20. f5 Ba6 21. Bh6 Bxh6 22. Qxh6 Bxc4 23. Rf3 1-0

[Event "Berlin Unicorn op"]
[Site "Berlin"]
[Date "2007.05.19"]
[Round "6"]
[White "Knopf, Roland"]
[Black "Horn, Sven"]
[Result "1-0"]
[WhiteElo "1936"]
[BlackElo "2118"]
[PlyCount "111"]
[EventDate "2007.05.16"]
[EventType "swiss"]
[EventRounds "7"]
[EventCountry "GER"]
[SourceTitle "CBM 118 Extra"]
[Source "ChessBase"]
[SourceDate "2007.07.04"]
[SourceVersion "1"]
[SourceVersionDate "2007.07.04"]
[SourceQuality "1"]

1. d4 Nf6 2. Bg5 Ne4 3. Bf4 c5 4. f3 Qa5+ 5. c3 Nf6 6. Nd2 cxd4 7. Nb3 Qb6 8. Qxd4 Qxd4 9. Nxd4 Nd5 10. Bg3 Ne3 11. Kf2 Nxf1 12. Rxf1 a6 13. e4 d6 14. f4 Nd7 15. Ngf3 Nc5 16. Ke3 g6 17. b4 Na4 18. c4 Bd7 19. Rc1 Rc8 20. e5 Nb2 21. c5 dxc5 22. Rxc5 Nc4+ 23. Ke2 e6 24. Rxc8+ Bxc8 25. Rc1 b5 26. Be1 Bh6 27. g3 Bb7 28. a4 Kd7 29. axb5 axb5 30. Ra1 Rb8 31. Nd2 Bd5 32. Ra7+ Ke8 33. N2b3 g5 34. f5 Nxe5 35. fxe6 Bc4+ 36. Kd1 Rd8 37. exf7+ Nxf7 38. Kc2 g4 39. Bc3 Be3 40. Ra4 Bg1 41. Ne6 Rd6 42. Ng7+ Kd7 43. Ra1 Bb6 44. Nc5+ Kc7 45. Ne8+ Kc6 46. Nxd6 Nxd6 47. Ra6 Nf5 48. Kd2 h5 49. Bf6 Nd6 50. Bd8 Nc8 51. Bxb6 Nxb6 52. Nd7 Kxd7 53. Rxb6 Ke7 54. Rh6 Kf7 55. Rxh5 Kg6 56. Rc5 1-0

[Event "Berlin Eckbauer op 09th"]
[Site "Berlin"]
[Date "2006.11.13"]
[Round "6"]
[White "Heimbrodt, Birk"]
[Black "Knopf, Roland"]
[Result "0-1"]
[WhiteElo "1645"]
[BlackElo "1856"]
[PlyCount "88"]
[EventDate "2006.10.09"]
[EventType "swiss"]
[EventRounds "7"]
[EventCountry "GER"]
[SourceTitle "EXT 2022"]
[Source "ChessBase"]
[SourceDate "2021.10.06"]
[SourceVersion "1"]
[SourceVersionDate "2021.10.06"]
[SourceQuality "1"]

1. e4 g6 2. d4 Bg7 3. Nc3 d6 4. Nf3 Nf6 5. Be2 0-0 6. 0-0 c6 7. Re1 Qc7 8. Bf4 Nh5 9. Bg5 h6 10. Be3 Nd7 11. Qd2 Kh7 12. a4 e5 13. d5 Nhf6 14. dxc6 bxc6 15. Rad1 Ne8 16. h3 f5 17. exf5 gxf5 18. Nh4 Ndf6 19. Bd3 e4 20. Be2 d5 21. Bf4 Qf7 22. g3 Nh5 23. Ng2 d4 24. Bxh5 Qxh5 25. Ne2 c5 26. b4 Bb7 27. Kh2 Nf6 28. Nh4 e3 29. fxe3 Ne4 30. Qc1 Nf2 31. Rd2 Bf6 32. Ng1 Ne4 33. Rde2 cxb4 34. exd4 Bxd4 35. Ngf3 Bc3 36. Rd1 Rad8 37. Rxd8 Rxd8 38. Qf1 Ba6 39. Kg2 Bf6 40. Qe1 Bxe2 41. Qxe2 Bxh4 42. gxh4 Rg8+ 43. Kf1 Rg3 44. Nd4 Qxh4 0-1

[Event "Berlin Eckbauer op 09th"]
[Site "Berlin"]
[Date "2006.10.23"]
[Round "3"]
[White "Blesing, Andreas"]
[Black "Knopf, Roland"]
[Result "1-0"]
[WhiteElo "2085"]
[BlackElo "1856"]
[PlyCount "61"]
[EventDate "2006.10.09"]
[EventType "swiss"]
[EventRounds "7"]
[EventCountry "GER"]
[SourceTitle "EXT 2022"]
[Source "ChessBase"]
[SourceDate "2021.10.06"]
[SourceVersion "1"]
[SourceVersionDate "2021.10.06"]
[SourceQuality "1"]

1. e4 g6 2. d4 Bg7 3. Nc3 c6 4. f4 d5 5. e5 h5 6. Bd3 Nh6 7. Nf3 Bf5 8. Be2 e6 9. Be3 Nd7 10. h3 a6 11. Rg1 Qe7 12. Qd2 b5 13. Ng5 b4 14. Na4 h4 15. Bf2 Ng8 16. 0-0-0 f6 17. Nf3 Be4 18. Bxh4 Rxh4 19. Nxh4 fxe5 20. Nf3 exf4 21. Kb1 g5 22. Nc5 Nxc5 23. dxc5 Bxf3 24. gxf3 Rb8 25. h4 Qf6 26. Qc1 gxh4 27. Rg4 Ne7 28. Rdg1 Nf5 29. Bd3 Ng3 30. Rxf4 Qh6 31. Rg4 1-0

[Event "Berlin op 08"]
[Site "Berlin"]
[Date "2006.08.26"]
[Round "8"]
[White "Hahlbohm, Matthias"]
[Black "Knopf, Roland"]
[Result "1-0"]
[WhiteElo "2034"]
[BlackElo "1842"]
[PlyCount "63"]
[EventDate "2006.08.19"]
[EventType "swiss"]
[EventRounds "9"]
[EventCountry "GER"]
[SourceTitle "EXT 2007"]
[Source "ChessBase"]
[SourceDate "2006.11.23"]
[SourceVersion "1"]
[SourceVersionDate "2006.11.23"]
[SourceQuality "1"]

1. e4 g6 2. d4 Bg7 3. Nf3 d6 4. h3 Nf6 5. Bd3 0-0 6. 0-0 Nc6 7. c3 e5 8. d5 Ne7 9. Bg5 h6 10. Be3 Ne8 11. Nh2 f5 12. f4 exf4 13. Bxf4 fxe4 14. Bxe4 Bf5 15. Bxf5 Nxf5 16. Ng4 Nf6 17. Nxf6+ Rxf6 18. Qd3 Qf8 19. Nd2 g5 20. Ne4 Rf7 21. Bxg5 hxg5 22. Nxg5 Rf6 23. g4 Bh6 24. Ne6 Be3+ 25. Kh2 Qh6 26. Rxf5 Rxe6 27. dxe6 Qxe6 28. Raf1 Re8 29. Rf7 Qxf7 30. Rxf7 Kxf7 31. h4 Bf4+ 32. Kg2 1-0

[Event "Berlin op 08"]
[Site "Berlin"]
[Date "2006.08.21"]
[Round "3"]
[White "Knopf, Roland"]
[Black "Rozov, Boris"]
[Result "0-1"]
[WhiteElo "1842"]
[BlackElo "2107"]
[PlyCount "58"]
[EventDate "2006.08.19"]
[EventType "swiss"]
[EventRounds "9"]
[EventCountry "GER"]
[SourceTitle "EXT 2007"]
[Source "ChessBase"]
[SourceDate "2006.11.23"]
[SourceVersion "1"]
[SourceVersionDate "2006.11.23"]
[SourceQuality "1"]

1. d4 Nf6 2. Nf3 e6 3. c4 d5 4. Nc3 c6 5. e3 Nbd7 6. Bd3 dxc4 7. Bxc4 b5 8. Bd3 a6 9. 0-0 Bd6 10. Re1 0-0 11. e4 e5 12. Bg5 h6 13. Bh4 Re8 14. h3 exd4 15. Nxd4 Ne5 16. Bc2 Bc5 17. Nb3 Be7 18. Qxd8 Rxd8 19. Rad1 Be6 20. f4 Ng6 21. Bxf6 Bxf6 22. e5 Bh4 23. Rf1 Ne7 24. Nc5 Bc4 25. Rf3 Rxd1+ 26. Nxd1 Rd8 27. Ra3 Rd2 28. g3 Rxc2 29. gxh4 Rc1 0-1

[Event "Berlin op 07"]
[Site "Berlin"]
[Date "2006.07.10"]
[Round "3"]
[White "Jaeger, Andre"]
[Black "Knopf, Roland"]
[Result "1-0"]
[WhiteElo "2120"]
[BlackElo "1921"]
[PlyCount "35"]
[EventDate "2006.07.08"]
[EventType "swiss"]
[EventRounds "9"]
[EventCountry "GER"]
[SourceTitle "CBM 113 Extra"]
[Source "ChessBase"]
[SourceDate "2006.09.14"]
[SourceVersion "1"]
[SourceVersionDate "2006.09.14"]
[SourceQuality "1"]

1. d4 Nf6 2. c4 g6 3. g3 Bg7 4. Bg2 d6 5. Nf3 0-0 6. Nc3 Nc6 7. 0-0 a6 8. d5 Na5 9. b3 Nxd5 10. Nxd5 Bxa1 11. Bd2 c6 12. Bxa5 Qxa5 13. Nxe7+ Kg7 14. Qxa1+ f6 15. Nxc8 Raxc8 16. Rd1 Rcd8 17. Nd4 Rfe8 18. Bxc6 1-0

[Event "Berlin op 05"]
[Site "Berlin"]
[Date "2006.05.26"]
[Round "4"]
[White "Wiezer, Siegfried"]
[Black "Knopf, Roland"]
[Result "1-0"]
[WhiteElo "2060"]
[BlackElo "1815"]
[PlyCount "57"]
[EventDate "2006.05.24"]
[EventType "swiss"]
[EventRounds "7"]
[EventCountry "GER"]
[SourceTitle "EXT 2007"]
[Source "ChessBase"]
[SourceDate "2006.11.23"]
[SourceVersion "1"]
[SourceVersionDate "2006.11.23"]
[SourceQuality "1"]

1. d4 Nf6 2. c4 g6 3. Nc3 Bg7 4. e4 d6 5. f3 0-0 6. Be3 Nbd7 7. Qd2 c5 8. d5 Ne5 9. Bh6 Qa5 10. Bxg7 Kxg7 11. f4 Neg4 12. h3 Nh6 13. g4 Nhg8 14. Nf3 b5 15. Nxb5 Qxd2+ 16. Nxd2 a6 17. Nc3 Rb8 18. 0-0-0 Nd7 19. Nf3 Nb6 20. e5 Bd7 21. Rh2 dxe5 22. fxe5 e6 23. Ng5 h6 24. Nge4 exd5 25. Nxc5 Rfe8 26. cxd5 Rxe5 27. Nxd7 Nxd7 28. Bxa6 Ngf6 29. Re2 1-0

[Event "Berlin op 05"]
[Site "Berlin"]
[Date "2006.05.24"]
[Round "1"]
[White "Knopf, Roland"]
[Black "Peil, Benedikt"]
[Result "1-0"]
[WhiteElo "1815"]
[BlackElo "1102"]
[PlyCount "69"]
[EventDate "2006.05.24"]
[EventType "swiss"]
[EventRounds "7"]
[EventCountry "GER"]
[SourceTitle "EXT 2007"]
[Source "ChessBase"]
[SourceDate "2006.11.23"]
[SourceVersion "1"]
[SourceVersionDate "2006.11.23"]
[SourceQuality "1"]

1. d4 d5 2. c4 c6 3. Nc3 Nf6 4. cxd5 cxd5 5. Bf4 Qb6 6. Qd2 Nc6 7. e3 Bf5 8. Nf3 Nb4 9. Bb5+ Nc6 10. 0-0 Ne4 11. Qe2 Nxc3 12. bxc3 a6 13. Bd3 Bd7 14. Rab1 Qa7 15. a4 g6 16. Qa2 e6 17. Ne5 Rd8 18. Rb2 Bg7 19. Rfb1 Nxe5 20. Rxb7 Qa8 21. dxe5 0-0 22. a5 f6 23. exf6 Bxf6 24. c4 Bc6 25. R7b6 dxc4 26. Bxc4 Bd5 27. Bxd5 Rxd5 28. e4 Rd3 29. Qxe6+ Kg7 30. Rb7+ Kh8 31. h3 Rd1+ 32. Rxd1 Qxb7 33. Rd7 Qb1+ 34. Kh2 Qf1 35. Rf7 1-0

[Event "Prague op 05th"]
[Site "Prague"]
[Date "2006.01.19"]
[Round "8"]
[White "Braun, Marton"]
[Black "Knopf, Roland"]
[Result "1-0"]
[WhiteElo "2241"]
[BlackElo "1932"]
[PlyCount "55"]
[EventDate "2006.01.13"]
[EventType "swiss"]
[EventRounds "9"]
[EventCountry "CZE"]
[SourceTitle "CBM 110 Extra"]
[Source "ChessBase"]
[SourceDate "2006.03.10"]
[SourceVersion "2"]
[SourceVersionDate "2006.03.10"]
[SourceQuality "1"]

1. d4 Nf6 2. g3 d6 3. Bg2 g6 4. Nf3 Bg7 5. 0-0 0-0 6. c4 Nc6 7. Nc3 a6 8. h3 Bd7 9. a3 Rb8 10. e4 e5 11. d5 Ne7 12. Be3 Ne8 13. Nd2 f5 14. f4 fxe4 15. Ndxe4 Nf5 16. Bd2 Nf6 17. g4 Nxe4 18. Nxe4 Nh4 19. fxe5 Nxg2 20. Kxg2 Bxe5 21. Bg5 Qe8 22. Qd3 Bxb2 23. Rae1 Qc8 24. Bf6 Be5 25. Bxe5 Rxf1 26. Rxf1 dxe5 27. Nf6+ Kg7 28. Qe4 1-0

[Event "Prague op 05th"]
[Site "Prague"]
[Date "2006.01.14"]
[Round "2"]
[White "Wieczorek, Oskar"]
[Black "Knopf, Roland"]
[Result "1-0"]
[WhiteElo "2041"]
[BlackElo "1932"]
[PlyCount "63"]
[EventDate "2006.01.13"]
[EventType "swiss"]
[EventRounds "9"]
[EventCountry "CZE"]
[SourceTitle "CBM 110 Extra"]
[Source "ChessBase"]
[SourceDate "2006.03.10"]
[SourceVersion "2"]
[SourceVersionDate "2006.03.10"]
[SourceQuality "1"]

1. e4 g6 2. d4 Bg7 3. c3 d6 4. Bg5 Nf6 5. Nd2 0-0 6. Ngf3 c5 7. d5 a6 8. a4 Bg4 9. Bd3 Nbd7 10. 0-0 Ne5 11. Be2 Bxf3 12. gxf3 h6 13. Be3 Qd7 14. f4 Neg4 15. a5 Nxe3 16. fxe3 Qc7 17. Bf3 b6 18. axb6 Qxb6 19. Nc4 Qb5 20. Qe2 Nd7 21. Ra5 Qb7 22. e5 Nb6 23. Nd2 Rfc8 24. e6 f5 25. e4 Rf8 26. Kh1 c4 27. Qg2 Nxd5 28. Rxd5 Qxb2 29. Qxg6 Rf6 30. Qg2 Qxc3 31. Rg1 Rxe6 32. e5 1-0